LEADER 01548oas 2200445 a 450 001 9910690790903321 005 20070809151145.0 035 $a(CKB)5470000002340410 035 9 $aocm50803076 035 $a(OCoLC)50803076 035 $a(EXLCZ)995470000002340410 100 $a20021018a19uu9999 sa 101 0 $aeng 135 $aurmn||||||||| 181 $ctxt$2rdacontent 182 $cc$2rdamedia 183 $acr$2rdacarrier 200 10$aForest Health Technology Enterprise Team update$b[electronic resource] /$fUSDA Forest Service, Forest Health Technology Enterprise Team 210 $aFort Collins, CO $cForest Health Technology Enterprise Team 300 $aDescription based on: Spring 1996; title from Web page (viewed Feb. 25, 2003). 300 $aLatest issue consulted: summer 2002. 517 3 $aEnterprise Team update 517 1 $aUpdate, Forest Health Technology Enterprise Team update 517 1 $aUpdate 606 $aForest health$zUnited States$vPeriodicals 606 $aForest insects$xControl$zUnited States$vPeriodicals 606 $aForest management$xTechnological innovations$zUnited States$vPeriodicals 615 0$aForest health 615 0$aForest insects$xControl 615 0$aForest management$xTechnological innovations 801 0$bBKL 801 1$bBKL 801 2$bGPO 801 2$bOCLCQ 801 2$bOCL 801 2$bGPO 906 $aDOCUMENT 912 $a9910690790903321 996 $aForest Health Technology Enterprise Team update$93092943 997 $aUNINA